Subdivisions of the Crusader Kingdom of Jerusalem with a Map - Statistics

General Stats
  • This quiz has been taken 768 times
  • The average score is 7 of 21
Answers on the Map
Answers color-coded by a green-red scale on the quiz's map according to % correct below.
 
Answer Stats
Subdivisions % Correct
Royal Domain
98%
Iaphe-Ascalon
78%
Barut
61%
St. Jehan d'Acre
59%
Tyr
58%
Caiphas
57%
Oultrejordain
56%
Galilee
42%
Saiette
41%
Castellion St. Abraham
32%
Naples
28%
Caesarea
22%
Arsur
8%
Bessan
6%
Toron
6%
Caymont
5%
Darum
5%
Maron
5%
Montfort
5%
St. George de Labeyne
5%
Sueth
5%
No matching quizzes found
Score Distribution
Percent of People with Each Score
Percentile by Number Answered
Your Score History
You have not taken this quiz